01027nam 22002891 4500001000800000005001700008008004100025035002100066906004500087010001700132020001500149035001800164040002800182050002000210082001200230100004300242245013100285260004200416300002700458650003400485650001600519700004600535700004100581985002100622991006100643099003300704800264319980421194654.0721206s1966 xx 000 0 eng  9(DLC) 66019051 a7bcbccoclcrplduencipf19gy-gencatlg a 66019051  a0486215946 a(OCoLC)507665 aDLCcGACCLCdViRCUdDLC00aQA462b.S8 1966 a513.1072 aSundara Rao, T.q(Tandalam),db. 1853.10aGeometric exercises in paper folding,cby T. Sundara Row. Edited and revised by Wooster Woodruff Beman and David Eugene Smith. aNew York,bDover publicationsc[1966] a148 p.billus.c22 cm. 0aGeometryxStudy and teaching. 0aPaper work.1 aBeman, Wooster Woodruff,d1850-1922,eed.1 aSmith, David Eugene,d1860-1944eed. eOCLC REPLACEMENT bc-GenCollhQA462i.S8 1966p00035578481tCopy 1wOCLCREP asundara-geometric-1071929929